000 00775nam a2200229Ia 4500
003 GCL
008 140319s9999 xx 000 0 ara d
040 _aGCL /
_cGCL
082 0 4 _a320
_bم س
100 1 _aمركز الاهرام للترجمة والنشر
245 1 0 _aالسياسة بين السائل والمجيب /
_cمركز الاهرام للترجمة والنشر
260 _a[S.N] :
_bمركز الاهرام للترجمة والنشر ،
_c1989
300 _a271 ص
490 _a
650 0 4 _aالاحوال السياسية
650 0 4 _aالسياسة الدولية
650 0 4 _aالسياسة
650 0 4 _aالمعاهدات
650 0 4 _aالعلوم السياسية
650 0 4 _aالمنظمات الدولية
942 _2ddc
_cBK
999 _c29283
_d29283